000 00580nam a2200169Ia 4500
008 090711s9999 xx 000 0 und d
082 _b1561
100 _aवाळिंबे शरदSांद्र
245 _aरेड टॉवर वॉSा
260 _bराज पब्लिकेशन्स
_c1997
300 _a224
600 _aवाळिंबे शरदSांद्र
630 _aरेड टॉवर वॉSा
700 _aवाळिंबे शरदSांद्र
730 _aरेड टॉवर वॉSा
942 _cBOOK
999 _c325040
_d325040